ENEMY CALLED AVERAGE THE KEYS TO UNLOCKI (Record no. 32203)

MARC details
000 -LEADER
fixed length control field 00334nam a2200133Ia 4500
008 - FIXED-LENGTH DATA ELEMENTS--GENERAL INFORMATION
fixed length control field 240624s9999 xx 000 0 und d
041 ## - LANGUAGE CODE
Language code of text/sound track or separate title eng
082 ## - DEWEY DECIMAL CLASSIFICATION NUMBER
Classification number 158.1 MAS
100 ## - MAIN ENTRY--PERSONAL NAME
Personal name MASON JOHN
245 ## - TITLE STATEMENT
Title ENEMY CALLED AVERAGE THE KEYS TO UNLOCKI
260 ## - PUBLICATION, DISTRIBUTION, ETC.
Date of publication, distribution, etc. 2011
Place of publication, distribution, etc. CHINA
Name of publisher, distributor, etc. SIMPLE TRUTHS
300 ## - PHYSICAL DESCRIPTION
Extent 122 p.; 23 cm.
365 ## - TRADE PRICE
Currency code
Price amount 33
Holdings
Withdrawn status Lost status Damaged status Not for loan Home library Current library Shelving location Date acquired Total Checkouts Total Renewals Full call number Barcode Date last seen Date last checked out Copy number Price effective from Koha item type
        IMTN IMTN Rack 1-B 07/02/2020 3 1 158.1 MAS 32203 10/14/2025 10/12/2025 75 06/24/2024 Books
Designed & Maintained by: LRC IMT Nagpur Contact: lrc@imtnag.ac.in© 2024. All Rights Reserved.